000
00284cam a22000977a 4500
008
180718b1976 xxu||||| |||| 00| 0 eng d
082
_a
L8x5452/M267/2
245
_a
The Madras account code, vol.2
260
_a
Tamil Nadu
_b
The Director of Stationery and Printing
_c
1976
300
_a
147+p.
999
_c
500637
_d
500637